Grootste gemeenten per provincie (Nederland) - Statistieken

Algemene statistieken
  • Deze quiz is 60 keer genomen
  • De gemiddelde score is 43 van 60
Antwoordstatistieken
Population Gemeente % Correct
231.777 Groningen
98%
870.373 Amsterdam
96%
123.730 Leeuwarden
96%
357.949 Utrecht
96%
68.842 Assen
94%
79.210 Lelystad
94%
119.897 Maastricht
94%
650.866 Rotterdam
94%
213.353 Almere
91%
545.845 's Gravenhage / Den Haag
91%
155.347 's Hertogenbosch / Den Bosch
91%
129.142 Zwolle
91%
161.745 Arnhem
89%
234.291 Eindhoven
89%
50.463 Heerenveen
89%
48.785 Middelburg
89%
219.736 Tilburg
89%
109.757 Alkmaar
87%
164.025 Apeldoorn
87%
183.802 Breda
87%
123.985 Leiden
87%
176.926 Nijmegen
87%
159.082 Enschede
85%
44.191 Vlissingen
85%
101.826 Venlo
83%
73.192 Almelo
81%
81.050 Hengelo
81%
157.471 Amersfoort
79%
107.069 Emmen
79%
162.290 Haarlem
79%
86.955 Heerlen
77%
58.505 Roermond
77%
100.882 Deventer
74%
119.247 Dordrecht
74%
38.363 Goes
74%
91.147 Sittard Geleen
74%
54.453 Terneuzen
74%
41.643 Dronten
72%
92.371 Helmond
72%
47.568 Noordoostpolder
72%
89.949 Sùdwest Fryslân
72%
55.604 Hoogeveen
68%
117.492 Ede
66%
157.014 Zaanstad
62%
22.631 Zeewolde
60%
64.836 Zeist
60%
125.171 Zoetermeer
57%
33.992 Schouwen Duiveland
55%
156.860 Haarlemmermeer
47%
56.087 Smallingerland
47%
66.822 Veenendaal
47%
35.279 Coevorden
43%
51.628 De Friese Meren
38%
60.680 Midden-Groningen
30%
65.081 Stichtse Vecht
28%
59.533 Barneveld
26%
47.852 Het Hogeland
26%
38.213 Oldambt
26%
33.806 Tynarlo
26%
63.423 Westerkwartier
19%
Geen overeenkomende quizzen gevonden
Scoreverdeling
Procent van Mensen met Elke Score
Percentiel versus Aantal Correcte Antwoorden
Uw Scoregeschiedenis
U heeft deze quiz nog niet genomen